000 00474 a2200145 4500
020 _a9698510222
035 _a(DLC) 2002343193
040 _aDLC
_bDLC
082 _a297.48
_bQAD
245 1 0 _aIlhamat-e-Ghaus-e-Azam
_cMuhammad Riaz Qadiri.
260 _aGujranwala :
_bAbbasi Publications ;
_aRawalpindi :
_bDistributed by New Public Book,
_c2002.
300 _aii, 128 p. ;
_c22 cm.
500 _a"Rendered into English with interpretation"--T.p.
942 _cBK
_k297.48 RIA
_2ddc
999 _c7189
_d7189